Music Quiz

Random Music or Bands Quiz

Deftones Albums by Cover Quiz Stats

Quiz not verified by Sporcle

Challenge
Share
Tweet
Score 0/9 Timer 03:00
0 Plays Today
% Correct
White Pony 2000
98.7%
Around the Fur 1997
94.1%
Deftones 2003
94.1%
Diamond Eyes 2010
92.1%
Adrenaline 1995
91.5%
Saturday Night Wrist 2006
87.9%
Koi No Yokan 2012
81.6%
B-Sides and Rarities 2005
77%
(Like) Linus 1993
49.5%

You're not logged in!

Compare scores with friends on all Sporcle quizzes.
Sign Up with Email
OR
Log In

You Might Also Like...

Show Comments

Extras

Top Quizzes Today


Score Distribution

Your Account Isn't Verified!

In order to create a playlist on Sporcle, you need to verify the email address you used during registration. Go to your Sporcle Settings to finish the process.